Momento de decisão (Record no. 461)

MARC details
000 -LÍDER
campo de controle de tamanho fixo 02771nam a2200301 4500
001 - NÚMERO DE CONTROLE
campo de controle 461
003 - IDENTIFICADOR DO NÚMERO DE CONTROLE
campo de controle OSt
005 - DATA E HORÁRIO DA ÚLTIMA TRANSAÇÃO
campo de controle 20250829145824.0
008 - CAMPO DE DADOS FIXOS--INFORMAÇÃO GERAL
campo de controle de tamanho fixo 250829b |||||||g |||| 00| 1 eng d
020 ## - ISBN - INTERNATIONAL STANDARD BOOK NUMBER
ISBN - International Standard Book Number 8526233505
040 ## - FONTE DA CATALOGAÇÃO
Idioma da catalogação por
041 ## - CÓDIGO DE IDIOMA
Código do idioma do texto/trilha sonora ou título diferente por
082 ## - CDD - CLASSIFICAÇÃO DECIMAL DE DEWEY
Número de Classificação 028.5
Número do exemplar A554m
100 ## - ENTRADA PRINCIPAL--NOME PESSOAL
Nome pessoal Andrade, Telma Guimarães Castro
9 (RLIN) 994
245 ## - TÍTULO
Título Momento de decisão
Indicação de responsabilidade, etc. Andrade, Telma Guimarães Castro ; Ilustrações de Cecília Iwashita
260 ## - PUBLICAÇÃO, DISTRIBUIÇÃO, ETC.
Local de publicação, distribuição, etc. São Paulo
Nome do editor, distribuidor, etc. Atual
Data da publicação, distribuição, etc. 1997
300 ## - DESCRIÇÃO FÍSICA
Extensão 120 p.
Outros detalhes físicos il.
520 ## - NOTA DE RESUMO, ETC.
Resumo, etc. O livro começa na escola Professor Cristiano Bertoni, de onde os alunos da 7ªB partem para uma excursão para uma área de vegetação de mangue, e depois para uma praia. Na trilha, cinco alunos se perdem, e acabam encontrando um avião acidentado com uma mala de dinheiro dentro. Como todos necessitam desse dinheiro, eles concordam, alguns relutantemente, em dividi-lo. Porém, no dia seguinte, quando voltam ao local, o dinheiro sumiu. O foco então se divide entre as casas desses cinco alunos, e o grande mistério fica por conta de quem roubou o dinheiro. É nessa parte da história que entra o "Momento de Decisão" do título, quando os autores deixam a decisão para o leitor.<br/><br/><br/>Infantojuvenil<br/><br/><br/>ver menos<br/>Edições (2)ver mais<br/>Momento de decisão<br/>Momento de decisão<br/>Similares (1)ver mais<br/>Nosso Filme <br/>Resenhas para Momento de decisão (3)ver mais<br/><br/>Interessante, mas sem final<br/>Laura2em 2/1/15<br/><br/>Achei a história muito interessante, e adoraria saber o fim dos próprios autores. Não gosto de livros que o leitor precisa escrever/decidir o fim.... leia mais<br/>Estatísticas<br/>Desejam1<br/><br/>Trocam10<br/><br/>Avaliações2.8 / 76<br/>5ranking 77%4ranking 2222%3ranking 3434%2ranking 2424%1ranking 1313%<br/>16%<br/><br/>84%<br/>estagio e<br/>Foto -Telma Guimarães Castro Andrade<br/>Telma Guimarães Castro Andrade<br/><br/>É formada em "Letras Vernáculas e Inglês" pela UNESP. Professora Efetiva de Inglês, aprovada em Concurso Público Oficial do Estado de São Paulo em 1979, lecionou na rede estadual de ensino em Campinas, São Paulo até 1995, quando decidiu dedicar-se somente a literat...<br/>Foto -Celso Antunes<br/>Celso Antunes<br/><br/>Formado em geografia pela Universidade de São Paulo (USP), mestre em ciências humanas e especialista em inteligência e cognição. Membro consultor da Associação Internacional pelos Direitos da Criança Brincar, reconhecido pela UNESCO. É autor de cento e oitenta livr...<br/><br/><br/>Osmar<br/>cadastrou em:<br/>01/10/2010 15:11:41<br/>
650 #0 - ASSUNTO--TERMO TÓPICO
Cabeçalho tópico ou nome geográfico Literatura Brasileira
9 (RLIN) 205
650 #0 - ASSUNTO--TERMO TÓPICO
Cabeçalho tópico ou nome geográfico Romance juvenil
9 (RLIN) 981
650 #0 - ASSUNTO--TERMO TÓPICO
Cabeçalho tópico ou nome geográfico Infantojuvenil
9 (RLIN) 200
650 #0 - ASSUNTO--TERMO TÓPICO
Cabeçalho tópico ou nome geográfico Aventura
9 (RLIN) 47
655 #0 - TERMO DE ÍNDICE--GÊNERO E FORMA
Gênero/forma/ou termo foco Romance
655 #0 - TERMO DE ÍNDICE--GÊNERO E FORMA
Gênero/forma/ou termo foco Ficção
700 ## - ENTRADA ADICIONADA - NOME PESSOAL
Nome pessoal Cecília Iwashita
Função do autor por extenso Ilustrador
830 ## - ENTRADA SECUNDÁRIA DE SÉRIE--TÍTULO UNIFORME
Título uniforme Diálogo
9 (RLIN) 997
942 ## - ELEMENTOS DE ENTRADA ADICIONADOS (KOHA)
Fonte de classificação ou esquema de arquivamento Classificação decimal de Dewey
Ocultar no OPAC Não
Tipo de material Koha Livros
Holdings
Situação do descarte Situação das perdas Fonte de classificação ou esquema de arquivamento Status danificado Não pode ser emprestado Coleção Biblioteca de origem Biblioteca atual Localização na estante Data de aquisição Fonte de aquisição Total de empréstimos Número de chamada completo Código de barras Data de último acesso Data do preço efetivo Tipo de material Koha
    Classificação decimal de Dewey     Ficção Biblioteca Professor Eduardo Afonso de Castro Biblioteca Professor Eduardo Afonso de Castro Infanto Juvenil 29.08.2025 doação   028.5 / A554m 2025-17393 29.08.2025 29.08.2025 Livros

Powered by Koha